[Event "POL-chT2"]
[Site "Jastrzebia Gora POL"]
[Date "2016.09.??"]
[Round "7.13"]
[White "Warakomski, Tomasz"]
[Black "Ponizil, Cyril"]
[Result "1-0"]
[WhiteElo "2466"]
[BlackElo "2462"]
[EventDate "2016.09.05"]

1.e4 c5 2.Nf3 Nc6 3.Bb5 e6 4.Bxc6 bxc6 5.d3 Ne7 6.h4 f6 7.Nc3 Ng6 8.h5 Ne5
9.Nxe5 fxe5 10.Qg4 Qf6 11.Rh3 Qf7 12.Rf3 Qg8 13.Bg5 d6 14.Bh4 g5 15.Qxg5 
Qxg5 16.Bxg5 Rg8 17.Rg3 Rb8 18.b3 Rb7 19.Ne2 Rbg7 20.Be3 Rxg3 21.Nxg3 Be7 
22.Kf1 Bd7 23.a3 Bh4 24.Ne2 Bg5 25.Bxg5 Rxg5 26.Ng3 a5 27.Ke2 h6 28.Rh1 
Ke7 29.Nf1 Be8 30.Ne3 d5 31.g4 d4 32.Nc4 Rxg4 33.Nxe5 Rg5 34.f4 Rg2+ 35.
Kd1 Rf2 36.Rh4 Rf1+ 37.Kd2 a4 38.bxa4 Ra1 39.Nc4 e5 40.Nxe5 Rxa3 41.Ng4 c4
42.dxc4 c5 43.Nxh6 Bxa4 44.Nf5+ Kf7 45.h6 Ra2 46.h7 Rxc2+ 47.Kd3 1-0

[Event "POL-chT2"]
[Site "Jastrzebia Gora POL"]
[Date "2016.09.??"]
[Round "7.14"]
[White "Piesik, Piotr"]
[Black "Szelag, Marcin"]
[Result "1/2-1/2"]
[WhiteElo "2278"]
[BlackElo "2449"]
[EventDate "2016.09.05"]

1.d4 Nf6 2.Nf3 g6 3.g3 Bg7 4.Bg2 d5 5.O-O O-O 6.c4 dxc4 7.Na3 Na6 8.Nxc4 
c5 9.dxc5 Be6 10.Nfe5 Nxc5 11.Be3 Rc8 12.Rc1 Nd5 13.Bd4 Nb4 14.Ne3 Bxe5 
15.Bxe5 Nxa2 16.Ra1 a5 17.Bd5 Nb4 18.Bxe6 Nxe6 19.Qa4 Rc5 20.Bc3 b5 21.Qa3
Nc6 22.Bxa5 Nxa5 23.Qxa5 Qxa5 24.Rxa5 Rd8 25.b4 Re5 26.Rfa1 Rd4 27.Rb1 Kg7
28.Rb2 f5 29.Ra7 Kf6 30.Rb7 h5 31.Kg2 g5 32.Nf1 Rd6 33.f3 f4 34.Kf2 Nd4 
35.Rd2 Ke6 36.e3 fxe3+ 37.Nxe3 Nc6 38.Rxd6+ Kxd6 39.f4 gxf4 40.gxf4 Re4 
41.Rxb5 Rxf4+ 42.Kg3 e5 43.Rd5+ Ke6 44.b5 Nd4 45.Rxe5+ Kxe5 46.Nc4+ Ke4 
47.Nd6+ Ke5 48.Nc4+ Kf5 49.Nd6+ Kg5 50.h4+ Rxh4 51.Nf7+ Kg6 52.Ne5+ Kg5 
53.Nf7+ 1/2-1/2

[Event "POL-chT2"]
[Site "Jastrzebia Gora POL"]
[Date "2016.09.??"]
[Round "7.15"]
[White "Urban, Klaudiusz"]
[Black "Flis, Jacek"]
[Result "1/2-1/2"]
[WhiteElo "2419"]
[BlackElo "2262"]
[EventDate "2016.09.05"]

1.c4 g6 2.Nc3 Bg7 3.d4 d6 4.Nf3 Nf6 5.g3 O-O 6.Bg2 Nbd7 7.O-O e5 8.e3 Re8 
9.b3 a6 10.a4 exd4 11.exd4 d5 12.Bf4 c6 13.cxd5 cxd5 14.Re1 Rxe1+ 15.Nxe1 
Nb8 16.Bg5 Be6 17.Nd3 Nc6 18.Nf4 Qd6 19.Nxe6 Qxe6 20.Bxf6 Qxf6 21.Nxd5 
Qxd4 22.Qxd4 Nxd4 23.Rb1 Rd8 24.Kf1 b5 25.axb5 axb5 26.Ne7+ Kf8 27.Nc6 Rd6
28.Nxd4 Bxd4 29.Rc1 Ke7 30.Rc7+ Rd7 31.Rxd7+ Kxd7 32.Bd5 Ke7 33.Bc6 b4 34.
Bd5 Bc5 35.Bc4 h5 36.Kg2 Kf6 37.h4 Kg7 38.Bd5 Bd6 39.Bc4 Be5 40.Bd5 Bd4 
41.Bc4 1/2-1/2

[Event "POL-chT2"]
[Site "Jastrzebia Gora POL"]
[Date "2016.09.??"]
[Round "7.16"]
[White "Paszewski, Mateusz"]
[Black "Schmidt, Wlodzimierz"]
[Result "1/2-1/2"]
[WhiteElo "2293"]
[BlackElo "2305"]
[EventDate "2016.09.05"]

1.c4 Nf6 2.g3 e5 3.Bg2 d5 4.cxd5 Nxd5 5.Nc3 Nb6 6.e3 Nc6 7.Nge2 g6 8.O-O 
Bg7 9.f4 O-O 10.b3 f5 11.fxe5 Nxe5 12.a4 a5 13.Ba3 Re8 14.Nf4 c6 15.Qc2 
Nf7 16.Bb2 Nd7 17.Nce2 Bxb2 18.Qxb2 Qf6 19.Qc2 Qe7 20.Rae1 Nf6 21.Nc3 Qd6 
22.Kh1 Bd7 23.Rd1 Rad8 24.Nce2 Qe5 25.Nd3 Qd6 26.Ndf4 Qe5 27.Nd3 Qd6 28.
Ndf4 Qe5 29.Ra1 Qe6 1/2-1/2

[Event "POL-chT2"]
[Site "Jastrzebia Gora POL"]
[Date "2016.09.??"]
[Round "7.17"]
[White "Diczew, Filip"]
[Black "Tomaszewski, Roman"]
[Result "0-1"]
[WhiteElo "2139"]
[BlackElo "2315"]
[EventDate "2016.09.05"]

1.e4 d5 2.Nc3 c6 3.d4 g6 4.h3 Bg7 5.Nf3 Nh6 6.Be2 O-O 7.exd5 cxd5 8.Bf4 
Nc6 9.g4 f6 10.Qd2 Nf7 11.Be3 Be6 12.Nh2 Nd6 13.O-O-O Bf7 14.f4 e5 15.fxe5
fxe5 16.Nf3 exd4 17.Nxd4 Ne5 18.b3 Rc8 19.Ndb5 a6 20.Nxd6 Qxd6 21.Bd4 Rc7 
22.Kb1 Rfc8 23.Rc1 Rxc3 24.Qf4 Nc4 25.Qxd6 Nxd6 26.Bxc3 Bxc3 27.Rcd1 Ne4 
28.Rh2 Be5 0-1

[Event "POL-chT2"]
[Site "Jastrzebia Gora POL"]
[Date "2016.09.??"]
[Round "7.18"]
[White "Lach, Aleksandra"]
[Black "Warakomska, Anna"]
[Result "1/2-1/2"]
[WhiteElo "2163"]
[BlackElo "2267"]
[EventDate "2016.09.05"]

1.f4 d5 2.Nf3 g6 3.d3 Bg7 4.g3 Nf6 5.Bg2 c6 6.c3 O-O 7.Ne5 Nfd7 8.Nxd7 
Nxd7 9.O-O e5 10.fxe5 Nxe5 11.d4 Nc4 12.e4 dxe4 13.Bxe4 Bh3 14.Bg2 Bxg2 
15.Kxg2 Re8 16.Qf3 Qd7 17.b3 Nd6 18.Nd2 Re6 19.Nc4 Rae8 20.Nxd6 Rxd6 21.
Bf4 Rde6 22.Rf2 f5 23.Rd1 Re4 24.Rdd2 Qe6 25.Qd3 Qd5 26.Qf3 b5 27.h4 h5 
28.Kh3 Qe6 29.Rd3 a5 30.Rfd2 Rd8 31.Qd1 Qd5 32.Qc1 Qe6 33.Qd1 Qd5 34.Qc1 
Qe6 35.Qd1 Qd5 1/2-1/2

[Event "POL-chT2"]
[Site "Jastrzebia Gora POL"]
[Date "2016.09.??"]
[Round "7.19"]
[White "Jarmula, Lukasz"]
[Black "Kolago, Marcin"]
[Result "0-1"]
[WhiteElo "2350"]
[BlackElo "2328"]
[EventDate "2016.09.05"]

1.d4 d6 2.Nf3 Bg4 3.c4 Nd7 4.Nc3 e5 5.g3 Bxf3 6.exf3 Be7 7.Bg2 exd4 8.Qxd4
Bf6 9.Qd2 Ne7 10.Ne4 O-O 11.Nxf6+ Nxf6 12.O-O d5 13.cxd5 Nexd5 14.b3 c6 
15.Bb2 Re8 16.Rfe1 Qd7 17.Be5 Qf5 18.g4 Qg6 19.h3 h5 20.Bf1 Nd7 21.Bb2 Nc5
22.Rxe8+ Rxe8 23.Re1 Rxe1 24.Qxe1 Ne6 25.Qe4 Qg5 26.Bd3 Qd2 27.Qe2 Qxe2 
28.Bxe2 Ndf4 29.Bf1 h4 30.a4 f6 31.Bc1 g5 32.Bb2 Kf7 33.b4 b6 34.a5 bxa5 
35.bxa5 Ke7 36.Kh2 c5 37.Ba3 Kd6 38.Bb2 Nd4 39.Kh1 Kd5 40.Ba1 c4 41.Bb2 
Nfe2 42.Bxe2 Nxe2 43.Bxf6 c3 44.Bxg5 c2 45.Kg2 Ke5 46.Be3 c1=Q 0-1

[Event "POL-chT2"]
[Site "Jastrzebia Gora POL"]
[Date "2016.09.??"]
[Round "7.20"]
[White "Wiewiora, Eneasz"]
[Black "Shkapenko, Pavel"]
[Result "1/2-1/2"]
[WhiteElo "2253"]
[BlackElo "2426"]
[EventDate "2016.09.05"]

1.d4 Nf6 2.c4 e6 3.Nf3 Bb4+ 4.Bd2 Qe7 5.g3 Nc6 6.Nc3 Bxc3 7.Bxc3 Ne4 8.Rc1
O-O 9.Bg2 d6 10.d5 Nxc3 11.Rxc3 Nb8 12.dxe6 fxe6 13.Nd4 Kh8 14.O-O Nd7 15.
b4 Nf6 16.b5 e5 17.Nc2 Nd7 18.Nb4 Nc5 19.Nd3 Nd7 20.Nb4 Nc5 21.Nd3 Nd7 22.
Nb4 1/2-1/2

[Event "POL-chT2"]
[Site "Jastrzebia Gora POL"]
[Date "2016.09.??"]
[Round "7.21"]
[White "Mickiewicz, Piotr"]
[Black "Mulet, Piotr"]
[Result "1/2-1/2"]
[WhiteElo "2367"]
[BlackElo "2234"]
[EventDate "2016.09.05"]

1.e4 e6 2.d3 d5 3.Nd2 c5 4.Ngf3 Nc6 5.g3 Bd6 6.Bg2 Nge7 7.O-O O-O 8.Nh4 
Qc7 9.f4 f6 10.Re1 Bd7 11.c3 b5 12.exd5 exd5 13.Qh5 f5 14.Nb3 c4 15.Nd4 
Nxd4 16.cxd4 Be8 17.Qe2 Bf7 18.dxc4 bxc4 19.Bd2 Rab8 20.Bc3 Rfe8 21.Qd2 
Qd7 22.Re3 Nc6 23.Rae1 Rxe3 24.Rxe3 Nb4 25.a3 Na2 26.Nf3 Nxc3 27.Rxc3 h6 
28.Ne5 Bxe5 29.fxe5 Qb5 30.Rc2 Qb3 31.Qf2 Be6 32.h4 g6 33.Rd2 Kg7 34.Bf3 
a5 35.Bd1 Qb6 36.Qe3 Qd8 37.Rf2 Rb7 38.b3 Qe7 39.bxc4 dxc4 40.Bc2 Bd5 41.
h5 Rb6 42.hxg6 Rxg6 43.Rxf5 Qh4 44.Rf7+ Bxf7 45.Bxg6 Qd8 46.Bxf7 Kxf7 47.
Kg2 Ke7 48.Kf3 Qc8 49.Qxh6 Qf5+ 50.Qf4 Qd3+ 51.Qe3 Qd1+ 52.Ke4 Qh1+ 53.Kf4
Qf1+ 54.Kg4 Qd1+ 55.Kh4 Qh1+ 56.Kg5 Qc6 57.Kf5 Qe6+ 58.Ke4 Qg6+ 59.Kd5 
Qe6+ 60.Kc5 Qc8+ 61.Kb5 c3 62.d5 c2 63.Qg5+ Kf8 64.Qc1 Qb8+ 65.Kc5 Qb1 66.
Qh6+ Kg8 67.Qg5+ Kh7 68.Qf5+ Kh6 69.Qf6+ Kh7 70.Qh4+ Kg7 71.Qg5+ Kh7 72.
Qh5+ Kg7 73.Qg5+ Kh7 74.Qh5+ Kg7 75.Qg5+ 1/2-1/2

[Event "POL-chT2"]
[Site "Jastrzebia Gora POL"]
[Date "2016.09.??"]
[Round "7.22"]
[White "Raszka, Janusz"]
[Black "Bartel, Michal"]
[Result "0-1"]
[WhiteElo "2119"]
[BlackElo "2327"]
[EventDate "2016.09.05"]

1.e4 e5 2.Nf3 Nc6 3.Nc3 Nf6 4.Bb5 Bd6 5.d3 a6 6.Ba4 O-O 7.Bg5 h6 8.Bd2 Bc5
9.h3 d5 10.exd5 Nxd5 11.Bxc6 bxc6 12.O-O Re8 13.Re1 Bd6 14.Nh2 Rb8 15.b3 
f5 16.Qh5 Be6 17.Qg6 Qf6 18.Qxf6 gxf6 19.Na4 Kh7 20.c4 Nb4 21.Bxb4 Bxb4 
22.Red1 Rbd8 23.Nf3 Rd7 24.a3 Bf8 25.Ne1 a5 26.Rdb1 Rb8 27.Nc3 h5 28.Kf1 
Bc5 29.Ra2 Bd4 30.Rc2 Bc5 31.Ra2 Kg6 32.Ke2 e4 33.f3 Bd4 34.Rc2 Re7 35.
fxe4 fxe4 36.dxe4 Rxb3 37.Rxb3 Bxc4+ 38.Kf3 Bxb3 39.Rc1 c5 40.Nd3 c4 41.
Nf4+ Kf7 42.Nxh5 Bxc3 43.Rxc3 Bd1+ 44.Kf4 Bxh5 45.Rxc4 Bd1 46.g4 a4 47.h4 
Ke8 48.Kf5 Rg7 49.Kxf6 Rxg4 50.h5 Rh4 51.Rxc7 Rxh5 52.e5 Bb3 53.Rc1 Rh6+ 
54.Kf5 Rh3 55.Ke4 Ba2 56.Kd4 Kd7 57.Rc3 Rh4+ 58.Ke3 Ke6 59.Rc5 Rh3+ 60.Kd2
Rxa3 61.Kc2 Bb3+ 62.Kb1 Ra2 63.Rb5 Rh2 64.Ra5 Re2 65.Ka1 Kf5 66.Kb1 Ke4 
67.e6 Kd4 68.e7 0-1

[Event "POL-chT2"]
[Site "Jastrzebia Gora POL"]
[Date "2016.09.??"]
[Round "7.23"]
[White "Barwinski, Dionizy"]
[Black "Sapeta, Robert"]
[Result "0-1"]
[WhiteElo "2065"]
[BlackElo "2082"]
[EventDate "2016.09.05"]

1.d4 g6 2.c4 Bg7 3.Nf3 d6 4.e4 Nf6 5.Nc3 O-O 6.Be2 e5 7.dxe5 dxe5 8.Qxd8 
Rxd8 9.Bg5 Re8 10.Nd5 Nxd5 11.cxd5 c6 12.Bc4 b5 13.Bd3 cxd5 14.Bxb5 Bd7 
15.Bxd7 Nxd7 16.exd5 e4 17.Nd2 Re5 18.Be3 f5 19.Rc1 Rxd5 20.b3 Ne5 21.Ke2 
Nd3 22.Rc7 f4 23.Bxa7 f3+ 24.gxf3 Nf4+ 25.Kd1 Bh6 26.Be3 exf3 27.Rc2 Nd3 
28.Rf1 Bg7 29.a4 Nb4 30.Rc4 Nd3 31.Kc2 Rb8 32.Kb1 Nb4 33.Rfc1 Rdd8 34.Bf4 
Rb7 35.Rc8 Rd7 36.Rxd8+ Rxd8 37.Be3 Rd3 38.Rc8+ Kf7 39.a5 Bc3 40.Ne4 Be5 
41.Ng5+ Kg7 42.Nxf3 Rxb3+ 43.Kc1 Bf6 44.Rc7+ Kg8 45.Kd2 Rb2+ 46.Kd1 Ra2 
47.Bb6 Nd5 48.Rd7 Nc3+ 49.Ke1 Ra1+ 50.Kd2 Rd1+ 51.Kc2 Rxd7 52.a6 Nd5 0-1

[Event "POL-chT2"]
[Site "Jastrzebia Gora POL"]
[Date "2016.09.??"]
[Round "7.24"]
[White "Mareckova, Martina"]
[Black "Sosnowska, Elzbieta"]
[Result "1-0"]
[WhiteElo "2137"]
[BlackElo "1862"]
[EventDate "2016.09.05"]

1.e4 e5 2.Nf3 Nc6 3.Bc4 Bc5 4.d3 Nf6 5.c3 d6 6.Bb3 a6 7.Nbd2 Ba7 8.h3 h6 
9.Nf1 Be6 10.Ng3 d5 11.O-O O-O 12.Qe2 d4 13.Nh4 Qd7 14.Ngf5 Kh7 15.g4 g5 
16.Nf3 Bxf5 17.gxf5 Rg8 18.Nh2 Rad8 19.c4 Qe7 20.Kh1 Bc5 21.a3 b5 22.cxb5 
axb5 23.Bd2 Bb6 24.Rac1 Na5 25.Bxa5 Bxa5 26.Rc6 Rd6 27.Rfc1 Rgd8 28.R6c5 
Qe8 29.Nf3 Nd7 30.Rxb5 Bb6 31.a4 c6 32.Rb4 Ba5 33.Rb7 1-0

[Event "POL-chT2"]
[Site "Jastrzebia Gora POL"]
[Date "2016.09.??"]
[Round "8.7"]
[White "Kolago, Marcin"]
[Black "Skawinski, Arkadiusz"]
[Result "0-1"]
[WhiteElo "2328"]
[BlackElo "2340"]
[EventDate "2016.09.05"]

1.e4 e6 2.Qe2 e5 3.Nf3 Nc6 4.Qc4 Nf6 5.Nc3 a6 6.d4 b5 7.Qd3 exd4 8.Nxd4 
Nxd4 9.Qxd4 Bb7 10.Bg5 Be7 11.e5 c5 12.Qd3 Ng4 13.Bf4 Bh4 14.Bg3 c4 15.Qd4
Bxg3 16.hxg3 Qg5 17.f4 Qg6 18.O-O-O O-O 19.Be2 b4 20.Na4 Nh6 21.Bxc4 Bxg2 
22.Rhg1 Be4 23.Nb6 Rad8 24.g4 Qc6 25.f5 Rfe8 26.Bd5 Qxc2# 0-1

[Event "POL-chT2"]
[Site "Jastrzebia Gora POL"]
[Date "2016.09.??"]
[Round "8.8"]
[White "Luch, Michal"]
[Black "Wiewiora, Eneasz"]
[Result "1-0"]
[WhiteElo "2436"]
[BlackElo "2253"]
[EventDate "2016.09.05"]

1.Nf3 Nf6 2.c4 g6 3.Nc3 Bg7 4.e4 d6 5.d4 O-O 6.h3 Na6 7.Bd3 e5 8.d5 Nh5 9.
g4 Nf4 10.Bxf4 exf4 11.Qd2 Nc5 12.O-O-O Qf6 13.Rhe1 Re8 14.Re2 g5 15.Nb5 
Qd8 16.Nbd4 h6 17.Rde1 Nd7 18.Nf5 Ne5 19.Nxe5 Rxe5 20.Nxg7 Kxg7 21.f3 c5 
22.h4 Qf6 23.Rh2 Bd7 24.hxg5 hxg5 25.Reh1 Ree8 26.Rh7+ Kf8 27.e5 Qxe5 28.
Bg6 fxg6 29.Rxd7 Kg8 30.Qh2 Qe3+ 31.Kb1 1-0

[Event "POL-chT2"]
[Site "Jastrzebia Gora POL"]
[Date "2016.09.??"]
[Round "8.9"]
[White "Mulet, Piotr"]
[Black "Butkiewicz, Lukasz"]
[Result "1/2-1/2"]
[WhiteElo "2234"]
[BlackElo "2441"]
[EventDate "2016.09.05"]

1.c4 g6 2.Nf3 Bg7 3.g3 e5 4.d3 d6 5.Bg2 Ne7 6.O-O O-O 7.Nc3 f5 8.Bd2 c6 9.
Qc1 d5 10.Bh6 e4 11.dxe4 fxe4 12.Nh4 Be6 13.Bxg7 Kxg7 14.Qe3 Nd7 15.cxd5 
cxd5 16.Nb5 Nc6 17.f3 exf3 18.Nxf3 Bg8 19.Rad1 Qb6 20.Nbd4 Nf6 21.Kh1 Ne4 
22.Qa3 Rae8 23.e3 Nxd4 24.exd4 Be6 25.Rd3 a5 26.Kg1 Bg4 27.Qb3 Qa6 28.Qa3 
Bxf3 29.Rdxf3 Rxf3 30.Qxf3 Qe6 31.Qf4 Nf6 32.Rc1 Re7 33.Rf1 h6 34.h4 Qe3+ 
35.Qxe3 Rxe3 36.Rf3 Re1+ 37.Rf1 Re3 38.Rf3 Re1+ 39.Rf1 Re3 40.Rf3 Re1+ 
1/2-1/2

[Event "POL-chT2"]
[Site "Jastrzebia Gora POL"]
[Date "2016.09.??"]
[Round "8.10"]
[White "Plichta, Kamil"]
[Black "Sapeta, Robert"]
[Result "1-0"]
[WhiteElo "2342"]
[BlackElo "2082"]
[EventDate "2016.09.05"]

1.c4 e5 2.g3 f5 3.Nc3 Nf6 4.Nf3 e4 5.Nh4 d5 6.cxd5 c6 7.dxc6 Nxc6 8.d3 Bc5
9.e3 g5 10.d4 gxh4 11.dxc5 Qxd1+ 12.Nxd1 Ne5 13.Be2 Nf3+ 14.Bxf3 exf3 15.
b4 Ne4 16.Bb2 Rg8 17.Nc3 Be6 18.Nxe4 fxe4 19.O-O-O Bc4 20.Rd6 Rg6 21.Rxg6 
hxg6 22.gxh4 Rd8 23.Rg1 Kf7 24.h5 gxh5 25.Rg7+ Ke6 26.Rxb7 Rd3 27.Rh7 Rxe3
28.Rh6+ Kd7 29.c6+ Kc8 30.Be5 Rd3 31.c7 Kb7 32.Rc6 Kxc6 33.c8=Q+ 1-0

[Event "POL-chT2"]
[Site "Jastrzebia Gora POL"]
[Date "2016.09.??"]
[Round "8.11"]
[White "Milanowski, Jan"]
[Black "Bronowicki, Mateusz"]
[Result "0-1"]
[WhiteElo "1882"]
[BlackElo "2277"]
[EventDate "2016.09.05"]

1.d4 g6 2.Nf3 Bg7 3.c3 d6 4.Bf4 Nf6 5.e3 O-O 6.Be2 c5 7.dxc5 dxc5 8.Qxd8 
Rxd8 9.O-O Nc6 10.Rd1 Rxd1+ 11.Bxd1 Nd5 12.Bg3 b5 13.a3 b4 14.axb4 cxb4 
15.Nd4 Nxd4 16.cxd4 Bb7 17.Nd2 Nb6 18.Bb3 a6 19.Nc4 Nxc4 20.Bxc4 e6 21.Bd6
Bf8 22.Bxf8 Kxf8 23.Kf1 a5 24.Bb3 Ke7 25.f3 Kd6 26.Ke2 Ba6+ 27.Kd2 Bb5 28.
Ba4 Bxa4 29.Rxa4 Kc6 30.Ra1 Kb5 31.Rc1 Ka4 32.Rc7 Kb3 33.Kc1 Ka2 34.Rc4 
Kb3 35.Rc7 Ka2 36.Rc4 f5 37.g3 Ra7 38.h3 g5 39.Kc2 b3+ 40.Kc1 a4 41.Rb4 a3
42.bxa3 Rc7+ 0-1

[Event "POL-chT2"]
[Site "Jastrzebia Gora POL"]
[Date "2016.09.??"]
[Round "8.12"]
[White "Przezdziecka, Ewa"]
[Black "Mareckova, Martina"]
[Result "1/2-1/2"]
[WhiteElo "2173"]
[BlackElo "2137"]
[EventDate "2016.09.05"]

1.d4 Nf6 2.Nf3 g6 3.g3 Bg7 4.Bg2 O-O 5.O-O d6 6.a4 a5 7.Nc3 Nbd7 8.e4 e5 
9.Re1 Re8 10.h3 h6 11.Be3 exd4 12.Nxd4 Nc5 13.f3 Nfd7 14.Qd2 Nb6 15.b3 Kh7
16.Rad1 Qe7 17.Nd5 Nxd5 18.exd5 Qd8 19.Re2 Bd7 20.Rde1 Qf6 21.Bf2 b6 22.
Rxe8 Rxe8 23.Rxe8 Bxe8 24.Bf1 Bd7 25.Kg2 Qe5 26.Nb5 Bxb5 27.Bxb5 Qc3 28.
Qxc3 Bxc3 29.Be3 Kg7 30.Kf2 f5 31.h4 Be5 32.Bxc5 dxc5 33.f4 Bc3 34.Kf3 Kf6
35.Be8 Bd4 36.Ke2 Bc3 37.Kf3 Bd4 38.Ke2 Bc3 39.Kf3 Bd4 40.Ke2 Bc3 1/2-1/2

[Event "POL-chT2"]
[Site "Jastrzebia Gora POL"]
[Date "2016.09.??"]
[Round "8.13"]
[White "Ponizil, Cyril"]
[Black "Jarmula, Lukasz"]
[Result "1-0"]
[WhiteElo "2462"]
[BlackElo "2350"]
[EventDate "2016.09.05"]

1.Nf3 Nf6 2.c4 g6 3.g3 Bg7 4.Bg2 O-O 5.O-O d6 6.d4 Nbd7 7.Nc3 e5 8.e4 exd4
9.Nxd4 Re8 10.Re1 a6 11.h3 Rb8 12.Bg5 h6 13.Be3 c5 14.Nf3 b5 15.Qxd6 b4 
16.Na4 Nxe4 17.Qd3 Bb7 18.Bf4 Rc8 19.Rad1 Bc6 20.b3 Qf6 21.Nh2 Ne5 22.Qf1 
Ng5 23.Rxe5 Rxe5 24.Ng4 Qf5 25.Bxe5 Bxg2 26.Qxg2 Nf3+ 27.Kh1 Nxe5 28.Nxe5 
Qxe5 29.Qf3 Qe6 30.Qg4 Qxg4 31.hxg4 Bd4 32.Kg2 Re8 33.Rd2 Re6 34.Nb2 a5 
35.Nd3 Kf8 36.Nf4 Ra6 37.Ne2 Bf6 38.Rd5 Be7 39.Rd7 g5 40.Ng1 a4 41.Nf3 
axb3 42.axb3 Ra3 43.Nd2 Bf6 44.Rd3 Bc3 45.Ne4 Rxb3 46.Nxc5 Ra3 47.Kf3 Ra8 
48.Nd7+ Kg7 49.Ke4 Ra3 50.Rd1 Ra7 51.Nb6 b3 52.Nd5 Ba5 53.Rb1 Rb7 54.Rb2 
Be1 55.c5 Rb8 56.Kd4 Rc8 57.Nb6 Rc7 58.Kc4 Kf8 59.Nd5 Rc8 60.Kb5 Rd8 61.
Nb6 Rd2 62.Rxb3 Bxf2 63.c6 Rc2 64.Nc4 Ke7 65.Rd3 Ra2 66.c7 Ra8 67.Nb6 1-0

[Event "POL-chT2"]
[Site "Jastrzebia Gora POL"]
[Date "2016.09.??"]
[Round "8.14"]
[White "Shkapenko, Pavel"]
[Black "Piesik, Piotr"]
[Result "1-0"]
[WhiteElo "2426"]
[BlackElo "2278"]
[EventDate "2016.09.05"]

1.e4 e6 2.d4 d5 3.exd5 exd5 4.Nf3 Nf6 5.c4 Bb4+ 6.Nc3 Nc6 7.Be2 dxc4 8.
Bxc4 O-O 9.O-O Bg4 10.Be3 Ne7 11.h3 Bh5 12.g4 Bg6 13.Ne5 Bxc3 14.bxc3 Nfd5
15.Qb3 Nb6 16.Be2 Kh8 17.Bf3 c6 18.c4 Rb8 19.Rad1 f6 20.Nxg6+ Nxg6 21.d5 
cxd5 22.c5 Nd7 23.Qxd5 Nde5 24.Be4 Qe8 25.Rfe1 Nc6 26.Qc4 Nge5 27.Qc2 Qf7 
28.f4 Ng6 29.Qf2 Rfe8 30.Bd5 Qd7 31.Bg2 Qc7 32.h4 Rbd8 33.h5 Nge7 34.Bc1 
Rxd1 35.Rxd1 Ng8 36.Bb2 Qe7 37.Rd6 Rd8 38.Qd2 Re8 39.g5 fxg5 40.fxg5 Qe1+ 
41.Qxe1 Rxe1+ 42.Kf2 Rb1 43.Rd2 Na5 44.h6 1-0

[Event "POL-chT2"]
[Site "Jastrzebia Gora POL"]
[Date "2016.09.??"]
[Round "8.15"]
[White "Flis, Jacek"]
[Black "Mickiewicz, Piotr"]
[Result "1-0"]
[WhiteElo "2262"]
[BlackElo "2367"]
[EventDate "2016.09.05"]

1.e4 c5 2.Nf3 e6 3.Nc3 a6 4.Be2 d6 5.d4 cxd4 6.Nxd4 Nf6 7.O-O Qc7 8.f4 Be7
9.Kh1 O-O 10.Qe1 b5 11.Bf3 Bb7 12.a3 Nbd7 13.g4 Nb6 14.g5 Nfd7 15.f5 exf5 
16.Nxf5 Rfe8 17.Bf4 Bf8 18.Rd1 Ne5 19.Bg2 Nbc4 20.Bc1 Rac8 21.Nd5 Bxd5 22.
Rxd5 Nb6 23.Rd2 d5 24.Re2 g6 25.Nh6+ Bxh6 26.gxh6 d4 27.Qh4 Nbd7 28.Bf4 
Qc5 29.Bh3 Rc6 30.Ref2 d3 31.cxd3 Qd4 32.Bg5 Qxd3 33.Rd2 Qc4 34.b3 Qxb3 
35.Bxd7 Nxd7 36.Rxd7 f6 37.Bxf6 1-0

[Event "POL-chT2"]
[Site "Jastrzebia Gora POL"]
[Date "2016.09.??"]
[Round "8.16"]
[White "Bartel, Michal"]
[Black "Paszewski, Mateusz"]
[Result "1/2-1/2"]
[WhiteElo "2327"]
[BlackElo "2293"]
[EventDate "2016.09.05"]

1.e4 c5 2.Nf3 g6 3.d4 cxd4 4.Qxd4 Nf6 5.Bb5 a6 6.e5 axb5 7.exf6 Nc6 8.fxe7
Qxe7+ 9.Qe3 b4 10.O-O Qxe3 11.Bxe3 Bg7 12.Nbd2 d5 13.Rae1 Be6 14.a3 bxa3 
15.bxa3 Rxa3 16.Rb1 d4 17.Bf4 Ra2 18.Bd6 Bf8 19.Ne4 Bxd6 20.Nxd6+ Ke7 21.
Nb5 Rd8 22.c3 dxc3 23.Nxc3 Ra7 24.Ng5 h6 25.Nxe6 Kxe6 26.Nb5 Ra5 27.Rfe1+ 
Kf6 28.Nc7 Re5 29.Rec1 Nd4 30.Kf1 b5 31.Rb4 Ne6 32.Rxb5 Nxc7 33.Rxe5 Kxe5 
34.Rxc7 Kf6 35.g3 h5 36.h4 Rd1+ 37.Ke2 Ra1 38.Kf3 Ra3+ 39.Kf4 Ra4+ 40.Kf3 
Ra3+ 1/2-1/2

[Event "POL-chT2"]
[Site "Jastrzebia Gora POL"]
[Date "2016.09.??"]
[Round "8.17"]
[White "Tomaszewski, Roman"]
[Black "Czajkowski, Adam"]
[Result "0-1"]
[WhiteElo "2315"]
[BlackElo "2095"]
[EventDate "2016.09.05"]

1.c4 Nf6 2.Nc3 g6 3.g3 Bg7 4.Bg2 O-O 5.d4 d6 6.e3 Nbd7 7.Nge2 e5 8.b3 Re8 
9.O-O a6 10.Bb2 Rb8 11.h3 exd4 12.Nxd4 Nc5 13.Qc2 Bd7 14.Rfd1 Qc8 15.Kh2 
b5 16.b4 Ne6 17.Nxe6 Rxe6 18.cxb5 axb5 19.Ne2 Re7 20.Nf4 Bf5 21.Qe2 Be4 
22.Rac1 Bxg2 23.Kxg2 Qb7+ 24.Qf3 Rd7 25.Rc6 Nh5 26.Nxh5 Bxb2 27.Nf4 Kg7 
28.Rd2 Be5 29.Nd3 Re7 30.Rdc2 Rc8 31.Kh2 f5 32.Qd5 Qb8 33.h4 Bf6 34.Nf4 
Rce8 35.Qd3 Rf7 36.Nd5 Rc8 37.e4 fxe4 38.Qxe4 Re8 39.Qd3 Bd8 40.a3 Kg8 41.
Qb3 Kf8 42.Qc3 Kg8 43.Nxc7 Bxc7 44.Rxc7 Rxc7 45.Qxc7 Qxc7 46.Rxc7 Ra8 47.
Rc3 Kf7 48.Re3 Kf6 49.g4 d5 50.f4 d4 51.Re5 d3 52.Rd5 Rxa3 53.Rxb5 Ke6 54.
Re5+ Kd6 55.Re8 Kd5 56.f5 gxf5 57.gxf5 Ra6 58.Re1 Rf6 59.Rf1 Ke4 60.Kg3 d2
61.Rf4+ Ke5 62.Rf1 Rd6 63.Rd1 Ke4 64.Kf2 Kd3 65.Kf3 Rd4 66.b5 Rxh4 67.Kg3 
Rb4 68.f6 Rxb5 69.Rf1 Rb8 70.f7 Rf8 71.Kg4 0-1

[Event "POL-chT2"]
[Site "Jastrzebia Gora POL"]
[Date "2016.09.??"]
[Round "8.18"]
[White "Gasik, Anna"]
[Black "Lach, Aleksandra"]
[Result "1-0"]
[WhiteElo "2184"]
[BlackElo "2163"]
[EventDate "2016.09.05"]

1.e4 c5 2.Nf3 d6 3.d4 cxd4 4.Nxd4 Nf6 5.Nc3 a6 6.h3 e5 7.Nde2 h5 8.g3 Be6 
9.Bg2 Nbd7 10.Be3 Rc8 11.O-O b5 12.a4 b4 13.Nd5 Bxd5 14.exd5 Qa5 15.Qd3 
Be7 16.Rfd1 Bd8 17.Nc1 Nb8 18.Qd2 Bb6 19.Bg5 Ba7 20.Nd3 Rc4 21.b3 Rc3 22.
Qe2 Nbd7 23.Kh1 O-O 24.Rac1 Rfc8 25.Bd2 Nxd5 26.Qf3 e4 27.Qxe4 N7f6 28.Qf5
g6 29.Qg5 Rxc2 30.Rxc2 Rxc2 31.Nxb4 Rxd2 32.Rxd2 Qxb4 33.Bxd5 Nxd5 34.Qxd5
Bc5 35.Re2 Qc3 36.Kg2 Qf6 37.Qf3 Qd8 38.Qc6 Kg7 39.Qxa6 h4 40.b4 Bd4 41.
Qd3 Bf6 42.a5 d5 43.a6 d4 44.Qe4 d3 45.Rd2 Qb6 46.Qb7 Qd4 47.a7 hxg3 48.
a8=Q gxf2 49.Qf3 1-0

[Event "POL-chT2"]
[Site "Jastrzebia Gora POL"]
[Date "2016.09.??"]
[Round "8.19"]
[White "Simacek, Pavel"]
[Black "Warakomski, Tomasz"]
[Result "1-0"]
[WhiteElo "2448"]
[BlackElo "2466"]
[EventDate "2016.09.05"]

1.e4 e5 2.Nf3 Nc6 3.Bb5 a6 4.Bxc6 dxc6 5.O-O Qd6 6.Na3 b5 7.c3 c5 8.Qe2 
Bg4 9.Nc2 Rd8 10.a4 Bxf3 11.Qxf3 Nf6 12.axb5 axb5 13.d4 cxd4 14.cxd4 Qc6 
15.dxe5 Nxe4 16.Bg5 Be7 17.Bxe7 Kxe7 18.Rfc1 Ra8 19.Nd4 Qd5 20.Rxc7+ 1-0

[Event "POL-chT2"]
[Site "Jastrzebia Gora POL"]
[Date "2016.09.??"]
[Round "8.20"]
[White "Szelag, Marcin"]
[Black "Sieciechowicz, Marcin"]
[Result "1-0"]
[WhiteElo "2449"]
[BlackElo "2457"]
[EventDate "2016.09.05"]

1.e4 e6 2.d4 d5 3.Nc3 Bb4 4.e5 b6 5.Qg4 Bf8 6.h4 Qd7 7.h5 h6 8.Nf3 a5 9.a4
Nc6 10.Nb5 Bb7 11.c3 O-O-O 12.Bd3 f6 13.Bf4 f5 14.Qh3 Nge7 15.Nh4 Kb8 16.
g4 fxg4 17.Qxg4 Ba6 18.Rh3 Nc8 19.Ng6 Rg8 20.Bd2 N6e7 21.Nf4 c6 22.Qxe6 
cxb5 23.Qxd7 Rxd7 24.axb5 Bb7 25.Ne6 g5 26.hxg6 Na7 27.Rf3 Nxg6 28.Bxg6 
Be7 29.Bd3 Rg1+ 30.Bf1 Nxb5 31.O-O-O Bc6 32.Bxb5 Rxd1+ 33.Kxd1 Bxb5 34.
Bxh6 a4 35.Bg5 a3 36.bxa3 Bxa3 37.Bc1 Ba4+ 38.Kd2 Be7 39.Rf7 Bh4 40.Rf8+ 
Kb7 41.Ke2 Rh7 42.Bg5 Bd7 43.Nd8+ Kc7 44.Bxh4 Rxh4 45.Ke3 Rh1 46.Kd2 Ra1 
47.f4 Ra2+ 48.Kc1 Re2 49.f5 Bxf5 50.Rxf5 Kxd8 51.Rf6 Kc7 52.Rd6 Ra2 53.
Rxd5 Kc6 54.Rd8 Re2 55.Kd1 Rh2 56.e6 Rh7 57.Kc2 Kc7 58.Rd5 Re7 59.Re5 Kd6 
60.Kb3 Rxe6 61.Rxe6+ Kxe6 62.Kc4 Kd6 63.Kb5 Kc7 64.d5 Kd6 65.c4 1-0

[Event "POL-chT2"]
[Site "Jastrzebia Gora POL"]
[Date "2016.09.??"]
[Round "8.21"]
[White "Zawadzki, Stanislaw"]
[Black "Urban, Klaudiusz"]
[Result "0-1"]
[WhiteElo "2439"]
[BlackElo "2419"]
[EventDate "2016.09.05"]

1.Nf3 Nf6 2.c4 c6 3.e3 d6 4.d3 e5 5.Be2 Be7 6.O-O O-O 7.b3 Re8 8.Bb2 Bf8 
9.Nbd2 Nbd7 10.Rc1 b6 11.Rc2 Bb7 12.Qa1 Qe7 13.Rd1 Rac8 14.Nf1 h6 15.Ng3 
g6 16.h3 Nh7 17.e4 Nc5 18.Nf1 Ne6 19.Ne3 Rcd8 20.g3 Bg7 21.Bf1 Nhg5 22.
Nxg5 hxg5 23.Bg2 Rf8 24.Re1 f5 25.exf5 gxf5 26.Qd1 f4 27.Ng4 Qf7 28.Nh2 
Rde8 29.Bf3 Re7 30.Rd2 Bf6 31.Be4 Bg7 32.Qg4 Nc5 33.Qxg5 Re6 34.Ng4 Nxe4 
35.dxe4 Rg6 36.Qh5 c5 37.gxf4 Qxf4 38.Re3 Bxe4 39.Bc3 Qf5 40.Qh4 Bc6 41.
Kf1 b5 42.cxb5 Qb1+ 0-1

[Event "POL-chT2"]
[Site "Jastrzebia Gora POL"]
[Date "2016.09.??"]
[Round "8.22"]
[White "Schmidt, Wlodzimierz"]
[Black "Sabuk, Piotr"]
[Result "1/2-1/2"]
[WhiteElo "2305"]
[BlackElo "2333"]
[EventDate "2016.09.05"]

1.d4 d5 2.c4 e6 3.Nc3 Be7 4.Nf3 Nf6 5.Bg5 h6 6.Bxf6 Bxf6 7.e3 O-O 8.Rc1 c6
9.Bd3 Nd7 10.O-O dxc4 11.Bxc4 e5 12.h3 exd4 13.exd4 Nb6 14.Bb3 Bf5 15.Re1 
Re8 16.Rxe8+ Qxe8 17.Qd2 Qd7 18.Re1 a5 19.a3 Re8 20.Rxe8+ Qxe8 21.Qf4 Be6 
22.Bxe6 Qxe6 23.Qc7 Nc4 24.Qxb7 Bxd4 25.Nxd4 Qe1+ 26.Kh2 Qe5+ 27.g3 Qxd4 
28.Qc8+ Kh7 29.Qf5+ Kg8 30.Qc8+ Kh7 31.Qf5+ Kg8 32.Qc8+ Kh7 1/2-1/2